[Event "Lidums Checkmate Op"]
[Site "Adelaide"]
[Date "2007.07.07"]
[Round "2.1"]
[White "Wright, Neil S"]
[Black "Rogers, Ian"]
[Result "0-1"]
[Annotator "Anderson-Smith,William"]
[BlackElo "2624"]
[EventCountry "AUS"]
[EventDate "2007.07.07"]
[EventRounds "7"]
[EventType "swiss"]
[PlyCount "72"]
[WhiteElo "2141"]

{ B56: Classical Sicilian: Unusual Lines } 1. Nf3 c5 2. e4 Nc6 3. d4 cxd4 4.
Nxd4 Nf6 5. Nc3 d6 6. Be3 Ng4 7. Bb5 Nxe3 8. fxe3 Bd7 9. Bxc6 bxc6 10. O-O e6
11. Qf3 Qf6 12. Qe2 Qg5 13. Rf3 Be7 14. Rg3 Qe5 ( 14... Qh6 15. Qa6 O-O 16.
Nxc6 Bxc6 17. Qxc6 Rab8 18. Nd1 Qf6 19. Qa6 Rbc8 20. c3 Rc7 21. Qd3 Rb8 22. Rc1
Qe5 23. Rc2 Bf6 24. Rf3 Rd8 25. Nf2 h5 26. Nh3 d5 27. exd5 Rxd5 28. Qe2 Rcd7
29. Rf1 { Reinderman,D  ( 2539 ) -Najer,E  ( 2600 ) /Ohrid 2001/CBM 084/1-0  (
60 )}  )15. Nf3 { White threatens to win material: Nf3xe5}  15... Qf6 $146 (
15... Qa5 16. e5 ( 16. Rxg7 Qb6 ( 16... Bf6 17. Rg3 Rb8 18. e5 Bxe5 19. Nxe5
Qxe5 20. e4 Rxb2 21. Rd1 c5 22. Qa6 Ke7 23. Rgd3 Rb6 24. Qxa7 Rhb8 25. Qa5 R8b7
26. Rf1 Be8 27. Rd5 exd5 28. Nxd5+ Kf8 29. Nxb6 Qxe4 30. c4 Bc6 31. Nd5 { Diez
del Corral,J  ( 2430 ) -Rivas Pastor,M  ( 2465 ) /Torremolinos 1983/MCD/1/2-1/2
 ( 33 )}  ) 17. Nd1 Bf6 18. Rg3 c5 19. Nf2 Qxb2 20. Rd1 Bb5 21. Qd2 Qc3 22. Ng4
Qxd2 23. Nxf6+ Ke7 24. Rxd2 Kxf6 25. Rxd6 Rad8 26. e5+ Ke7 27. Ng5 Bc4 28. Rf3
f5 29. Rf4 Bxa2 30. Ra4 Rxd6 { Nikolic,M  ( 2177 ) -Damjanovic,L  ( 2092 )
/Belgrade 2005/CBM 105 ext/1/2-1/2  ( 41 )}  )16... O-O 17. exd6 Bxd6 18. Rh3
e5 19. Rh5 Bg4 20. Rg5 Qb4 21. Rb1 h6 22. a3 Bxf3 23. gxf3 Qb6 24. Rg4 f5 25.
Rg6 Bc5 26. Kh1 Kh8 27. Na4 Qa5 28. Nxc5 Qxc5 29. Rbg1 Rf7 30. c4 {
Ptacnikova,L  ( 2295 ) -Grosar,A  ( 2455 ) /Montecatini Terme 1997/CBM 061
ext/0-1  ( 50 )}  )( 15... Qa5 $15 $142 { is the best option Black has} )16. e5
$16 dxe5 ( 16... Qh6 17. exd6 Bxd6 18. Rh3 $16 )17. Rd1 ( 17. Rf1 g6 18. Ng5
Qxg5 19. Rxg5 Bxg5 $18 )17... Rd8 ( 17... e4 $5 18. Ng5 Qe5 19. Nxf7 Kxf7 20.
Rxd7 Rhd8 21. Qf1+ Qf5 $16 )18. Ne4 Qf5 19. Nd6+ ( 19. Qc4 $142 O-O 20. Rf1 $16
)19... Bxd6 $11 20. Rxd6 e4 { Black threatens to win material: e4xf3}  21. Nd2
{ White king safety dropped}  21... O-O { Black castles and improves king
safety}  22. Rg4 ( 22. Qd1 c5 23. b3 Bb5 24. Nxe4 Be2 25. Qxe2 Qxe4 $11 )22...
e5 ( 22... Qa5 23. Nc4 Qxa2 24. Ne5 $17 )23. Rxe4 Be6 24. Rd3 Rb8 ( 24... Bxa2
25. Ra4 Be6 26. Rxa7 $15 )25. b3 { Consolidates c4}  25... Bd5 ( 25... Qf6 26.
Rc3 $11 )26. Ra4 e4 27. Rc3 Rb5 28. Rxa7 Qe5 { Black threatens to win material:
Qe5xc3}  29. Nb1 f5 30. a4 { White threatens to win material: a4xb5}  30...
Rbb8 31. g3 Rbd8 32. Rc5 ( 32. Rb7 $11)32... Qd6 { Black threatens to win
material: Qd6xc5}  ( 32... f4 33. gxf4 Rxf4 $19 )33. Rca5 ( 33. Raa5 Bxb3 34.
cxb3 Qd1+ 35. Qxd1 Rxd1+ 36. Kg2 Rxb1 37. Rxc6 g5 $14 )33... Be6 $11 34. Nc3
Qa3 35. Kg2 ( 35. Qf1 $5 $11 $142 { and White can hope to survive} )35... Qc1
$17 36. Qh5 $4 { further deteriorates the position}  ( 36. Na2 Qa1 37. Re7 $19
)36... Qxe3 $19 ( 36... Qxe3 37. Nb1 Qe1 38. Rxg7+ Kxg7 39. Ra7+ Bd7 40. Qg5+
Kh8 $19 ) 0-1

[Event "Lidums Checkmate Op"]
[Site "Adelaide"]
[Date "2007.07.07"]
[Round "2.2"]
[White "Antic, Dejan"]
[Black "Zvedeniouk, Ilya"]
[Result "1-0"]
[Annotator "Anderson-Smith,William"]
[BlackElo "2123"]
[EventCountry "AUS"]
[EventDate "2007.07.07"]
[EventRounds "7"]
[EventType "swiss"]
[PlyCount "85"]
[WhiteElo "2471"]

{ E04: Open Catalan: 5 Nf3 } 1. d4 e6 2. c4 d5 3. Nf3 Nf6 4. g3 Nbd7 5. Bg2 dxc4
6. O-O Bd6 ( 6... a6 7. a4 Rb8 8. a5 b5 9. axb6 cxb6 10. Bf4 Rb7 11. Rxa6 Nd5
12. Nc3 Be7 13. Nb5 O-O 14. Qc1 Nxf4 15. gxf4 Rb8 16. Ra7 Bb7 17. Qxc4 Nf6 18.
Ne5 Nd5 19. f5 Bg5 20. Nxf7 Rxf7 21. fxe6 { Tukmakov,V  ( 2570 ) -Rodriguez
Vargas,O  ( 2420 ) /New York 1988/CBM 008/1-0}  )7. Nbd2 $146 ( 7. Qa4 O-O 8.
Qxc4 e5 9. dxe5 Nxe5 10. Qc2 c6 11. Nc3 Qe7 12. Rd1 h6 13. Nd4 Bc7 14. b3 Bg4
15. Bb2 Rfd8 16. Ne4 Bb6 17. Kh1 Nd5 18. a3 Re8 19. Rd2 Rad8 20. Rad1 Bh5 21.
Nc3 Nxc3 { Ivekovic,I  ( 1908 ) -Dudas,E  ( 2059 ) /Herceg Novi 2006/CBM 114
ext/0-1}  )7... Nb6 8. Qc2 O-O 9. Nxc4 Nxc4 10. Qxc4 a6 11. Qc2 Nd7 12. Bg5 {
White threatens to win material: Bg5xd8}  ( 12. Ng5 Nf6 $16 )12... f6 $14 {
Black threatens to win material: f6xg5}  13. Be3 { Black's piece can't move:
c8}  13... Nb6 14. Rad1 Bd7 15. Nh4 g5 16. Nf3 Bc6 17. Bc1 Qe8 18. Ne1 Bxg2 19.
Nxg2 Qg6 { Black threatens to win material: Qg6xc2}  20. Qb3 { White pins:
Qb3xe6}  ( 20. e4 Rf7 $14 )20... Qe4 { Black threatens to win material: Qe4xe2}
 ( 20... Rae8 21. f4 $11 )21. Ne3 $14 Rae8 22. Rfe1 ( 22. f3 Qc6 $14 )22... Kg7
23. f3 { White threatens to win material: f3xe4}  23... Qc6 24. Bd2 Qb5 25. Qc2
h5 26. b3 { Prevents intrusion on a4+c4}  26... Rh8 27. Nc4 Nxc4 28. bxc4 Qf5 (
28... Qc6 $5 $14 $142 { should be examined more closely} )29. Qxf5 $16 exf5 30.
c5 Bf8 ( 30... Be7 31. Rb1 Rb8 32. Ba5 $16 )31. Rb1 $18 Rb8 32. Ba5 b6 33. cxb6
cxb6 34. Rxb6 Rxb6 35. Bxb6 h4 36. Rc1 hxg3 37. hxg3 Bd6 38. Kg2 Re8 ( 38... f4
39. Rc6 Bb8 40. d5 $18 )39. Rc6 Bb8 40. Kf2 Rh8 41. Kg2 Re8 42. Rc2 ( 42. e3
Rxe3 43. Bd8 Re2+ 44. Kh3 Re3 $18 )42... Kf7 $16 43. d5  1-0

[Event "Lidums Checkmate Op"]
[Site "Adelaide"]
[Date "2007.07.07"]
[Round "2.3"]
[White "Lin, Zhigen Wilson"]
[Black "Johansen, Darryl Keith"]
[Result "1/2-1/2"]
[Annotator "Anderson-Smith,William"]
[BlackElo "2445"]
[EventCountry "AUS"]
[EventDate "2007.07.07"]
[EventRounds "7"]
[EventType "swiss"]
[PlyCount "84"]
[WhiteElo "2097"]

{ C16: French: 3 Nc3 Bb4 4 e5: Lines without ...c5 } 1. e4 e6 2. d4 d5 3. Nc3
Bb4 4. e5 Qd7 5. a3 Bf8 6. Nf3 b6 7. Bb5 c6 8. Ba4 Ba6 9. Ne2 Bb5 10. Bb3 Bc4 (
10... c5 11. c3 Nc6 12. O-O Nge7 13. Re1 Bxe2 14. Rxe2 c4 15. Bc2 b5 16. Re3 h6
17. Nd2 Nc8 18. Qg4 Nb6 19. Rf3 Qe7 20. a4 h5 21. Qg3 bxa4 22. h4 Qd7 23. Rf4
Ne7 24. Qf3 Nc6 25. Qg3 { Atalik,S  ( 2595 ) -Gurevich,M  ( 2635 ) /New York
1998/CBM 064/1/2-1/2  ( 52 )}  )( 10... a5 11. c3 Ne7 12. O-O h6 13. Re1 a4 14.
Bc2 Qa7 15. Ng3 Nd7 16. Nd2 Qa6 17. f4 g6 18. Qf3 h5 19. h4 c5 20. dxc5 Nxc5
21. Qf2 Bd3 22. Nf3 Bxc2 23. Qxc2 Nc6 24. Be3 Rc8 25. Rad1 { Zawadzka,J  ( 2383
) -Lopez Martinez,J  ( 2488 ) /Warsaw 2005/CBM 108/0-1  ( 57 )}  )11. Bxc4 dxc4
12. O-O $146 ( 12. b3 c5 13. bxc4 cxd4 14. Nexd4 Nc6 15. O-O Rd8 16. Bg5 Nxd4
17. Bxd8 Nxf3+ 18. Qxf3 Qxd8 19. Qc6+ Qd7 20. Qa8+ Qd8 21. Qxa7 Bc5 22. Rad1
Qc8 23. Qa4+ Kf8 24. Rd7 g6 25. Rfd1 Kg7 26. Qb3 Qa8 { Schwarz,D  ( 2269 )
-Cech,P  ( 2404 ) /Brno 2004/CBM 101 ext/1-0  ( 58 )}  )12... Ne7 13. Ng3 Nd5 (
13... Ng6 14. Qe2 $18 )14. Qe2 ( 14. Nd2 c5 15. Nxc4 b5 $18 )14... b5 15. Re1
Na6 16. Ne4 h6 17. Bd2 Be7 18. Rad1 O-O 19. h3 Rac8 20. Nh2 Kh7 21. Qh5 f5 (
21... Qe8 22. Qg4 $16 )22. exf6 $1 { Double attack: e6/h7}  22... Nxf6 ( 22...
Nxf6 23. Ng5+ { Double attack}  )( 22... Bxf6 23. Ng5+ { Double attack}  )(
22... gxf6 23. Bxh6 { Deflection}  )23. Nxf6+ Rxf6 24. Qe2 Nc7 ( 24... Qd5 25.
Ng4 Rg6 26. Bf4 $18 )25. Ng4 ( 25. Qe4+ $5 Rg6 26. Ng4 Bf6 27. Bxh6 Qd5 $18
)25... Rf5 26. Ba5 Nd5 27. Qxe6 Qxe6 28. Rxe6 c3 29. Ne3 ( 29. Bxc3 Bxa3 30.
Ra1 b4 $18 )29... Rf7 $16 30. Nxd5 cxd5 31. Bxc3 Bxa3 32. Re2 b4 33. bxa3 bxc3
34. Re5 Rd7 35. Rd3 Rc4 36. Kh2 Ra4 37. Rxc3 Rxd4 38. Rd3 Ra4 39. Rdxd5 Rxd5
40. Rxd5 Rxa3 41. Rd7 a5 42. Ra7 h5  1/2-1/2

[Event "Lidums Checkmate Op"]
[Site "Adelaide"]
[Date "2007.07.07"]
[Round "2.4"]
[White "Nguyen, Giang"]
[Black "Toth, Andras"]
[Result "0-1"]
[Annotator "Anderson-Smith,William"]
[BlackElo "2421"]
[EventCountry "AUS"]
[EventDate "2007.07.07"]
[EventRounds "7"]
[EventType "swiss"]
[PlyCount "74"]
[WhiteElo "2097"]

{ A48: 1 d4 Nf6 2 Nf3 g6: Torre, London and Colle Systems } 1. d4 Nf6 2. Nf3 g6
3. e3 Bg7 4. b3 O-O 5. Bb2 d6 6. Nbd2 Nc6 7. Be2 Nh5 $146 ( 7... Nd7 8. O-O e5
9. Bb5 Qe7 10. Bxc6 bxc6 11. dxe5 Nxe5 12. Nxe5 dxe5 13. Qc1 Rd8 14. Rd1 Bg4
15. f3 Be6 16. Nf1 Qc5 17. c4 a5 18. Qc3 Rd6 19. Rd2 a4 20. Rc1 a3 21. Ba1 Rad8
22. Rcd1 { Steiner,D  ( 2215 ) -Grilc,A  ( 2125 ) /Bled 2003/CBM 095
ext/1/2-1/2  ( 48 )}  )( 7... e5 8. dxe5 Ng4 9. h3 Ngxe5 10. Nxe5 dxe5 11. Bf3
Qe7 12. O-O Rd8 13. Bxc6 bxc6 14. Qe2 a5 15. Rfd1 Ba6 16. c4 Bc8 17. e4 a4 18.
Bc3 c5 19. Nf1 Bb7 20. Rxd8+ Qxd8 21. Rd1 Qe7 22. f3 { Zielinska,M  ( 2411 )
-Socko,M  ( 2408 ) /Warsaw 2004/CBM 100 ext/1/2-1/2  ( 74 )}  )( 7... b6 8. Nf1
Bb7 9. Ng3 e5 10. d5 Nb8 11. e4 Nbd7 12. c4 Nc5 13. Qc2 a5 14. Rd1 Qe7 15. O-O
c6 16. Rfe1 cxd5 17. exd5 b5 18. cxb5 Nxd5 19. Qd2 Rfd8 20. Bc4 Nb6 21. Bf1 a4
22. b4 { Ufimtsev,A-Smyslov,V/Leningrad 1947/URS-ch/1-0  ( 69 )}  )( 7... e5
$11)8. Ng5 ( 8. O-O $5 $14 $142 { is interesting} )8... e5 $15 9. h4 ( 9. d5
Qxg5 10. dxc6 f5 $15 )9... h6 ( 9... exd4 $5 $142 10. Bxh5 dxe3 11. Bxg7 exd2+
12. Qxd2 Kxg7 $17 )10. d5 $15 { White threatens to win material: d5xc6}  10...
Ne7 { Black threatens to win material: Ne7xd5}  11. Nge4 Nxd5 ( 11... f5 12. g4
$15 )12. Bxh5 ( 12. g4 $5 $142 { would allow White to play on}  12... Nhf6 13.
g5 hxg5 14. hxg5 $11 )12... gxh5 $17 13. Qxh5 f5 14. Nc3 Nf6 15. Qe2 a6 ( 15...
c6 16. O-O-O d5 17. a3 $17 )16. O-O-O $15 b5 17. f3 { Secures e4+g4}  ( 17. e4
$15)17... Nh5 ( 17... Be6 $5 $17)18. Qd3 ( 18. Rhg1 b4 ( 18... Qxh4 $2 {
doesn't solve anything}  19. Rh1 Qg5 20. f4 Nxf4 21. exf4 Qxf4 22. Nd5 $18 )19.
Qc4+ Kh8 20. Qxb4 a5 $11 )18... Be6 19. Rdg1 ( 19. g4 $5 { must be considered} 
19... fxg4 20. fxg4 Bxg4 21. Rdg1 $15 )19... Ng3 $17 20. Rh2 ( 20. Rh3 $5 f4
21. exf4 exf4 22. Nde4 $17 )20... d5 $19 21. Nf1 Nxf1 22. Rxf1 c5 { Black
prepares the advance d4}  23. Rd1 ( 23. Qd2 Qa5 24. Ne2 Qxa2 $19 )23... d4 24.
exd4 ( 24. Qe2 Qf6 25. Nb1 f4 26. exd4 exd4 $19 )24... exd4 25. Ne2 c4 26. bxc4
bxc4 27. Qa3 Qc7 28. g3 ( 28. Nxd4 c3 29. Bxc3 Qf4+ 30. Kb1 Rab8+ 31. Nb3 Bxc3
32. Qxa6 Qxh2 33. Qxe6+ Kh7 34. Qe2 $19 )28... c3 29. Ba1 ( 29. Nxd4 { praying
for a miracle}  29... cxb2+ 30. Kb1 $19 )29... Rfd8 ( 29... Qb6 { seems even
better}  30. Rd3 Rab8 31. Kd1 Qb1+ 32. Qc1 $19 )30. Nf4 ( 30. Rd3 { is not the
saving move}  30... Qb6 31. Kd1 Bc4 $19 )30... Bf7 31. Re2 ( 31. Rhd2 { doesn't
improve anything}  31... cxd2+ 32. Rxd2 Re8 $19 )31... Rab8 ( 31... Bf8 $142 {
keeps an even firmer grip}  32. Qb3 Bxb3 33. axb3 $19 )32. Qxa6 ( 32. Nd3 {
does not save the day}  32... Bf8 33. Qb3 Bxb3 34. axb3 a5 $19 )32... Bc4 33.
Qa4 Bxe2 34. Nxe2 Ra8 ( 34... Qe7 35. Bxc3 dxc3 36. Rxd8+ Rxd8 37. Qb3+ Kh7 38.
a4 Qxe2 39. Kb1 Rd2 40. a5 Qd1+ 41. Ka2 Rxc2+ 42. Ka3 Bf8+ 43. Ka4 Qd7+ 44. Qb5
Qd4+ 45. Kb3 Rb2# )35. Qb3+ Qf7 ( 35... Kh7 { might be the shorter path}  36.
Rxd4 Rxd4 37. Bxc3 $19 )36. Qxf7+ ( 36. a4 $19 { what else?} )36... Kxf7 37.
Nf4 ( 37. Rxd4 { the last chance for counterplay}  37... Bxd4 38. Nxd4 Rxd4 39.
Bxc3 $19 )37... Ra3 ( 37... Ra3 38. Bxc3 Rxc3 $19 ( 38... dxc3 $143 39. Rxd8
Rxa2 40. Rb8 $14 )) 0-1

[Event "Lidums Checkmate Op"]
[Site "Adelaide"]
[Date "2007.07.07"]
[Round "2.5"]
[White "Tao, Trevor"]
[Black "Dragicevic, Domagoj"]
[Result "1-0"]
[Annotator "Anderson-Smith,William"]
[BlackElo "2087"]
[EventCountry "AUS"]
[EventDate "2007.07.07"]
[EventRounds "7"]
[EventType "swiss"]
[PlyCount "101"]
[WhiteElo "2354"]

{ B01: Scandinavian Defence } 1. e4 d5 2. exd5 Qxd5 3. Nc3 Qd6 4. Nf3 Nf6 5. d4
a6 6. g3 Bg4 7. Bg2 Nc6 8. Be3 O-O-O 9. h3 Bh5 10. Qe2 e6 11. O-O-O ( 11. O-O
Be7 12. a3 Nd5 13. Ne4 Qd7 14. b4 ( 14. c4 Nxe3 15. fxe3 f5 16. Nc3 Bf6 17.
Rfd1 Qf7 18. b4 e5 19. b5 axb5 20. cxb5 Nxd4 21. exd4 exd4 22. Na4 d3 23. Qe3
Bxa1 24. Rxa1 Rhe8 25. Qa7 Qd5 26. Nc5 b6 27. Qa6+ Kb8 28. Ne5 { 1-0 Lane,G  (
2445 ) -Dragicevic,D  ( 2135 ) /Queenstown 2006/CBM 110 ext}  )14... f5 15. Nc5
Bxc5 16. bxc5 f4 17. gxf4 Rhf8 18. Rab1 Nxd4 19. Bxd4 Nxf4 20. Qe5 Nxg2 21.
Qxh5 Nf4 22. Qe5 Qc6 23. Rb3 Rxd4 24. Rfb1 Nxh3+ 25. Kh2 Rxf3 { Zelcic,R  (
2514 ) -Sermek,D  ( 2555 ) /Sibenik 2005/CBM 106 ext/0-1}  )11... Be7 12. Qc4
$146 { White has an active position}  ( 12. Kb1 Qb4 13. a3 Qa5 14. Qc4 Nd5 15.
Nxd5 Rxd5 16. g4 Bg6 17. Nd2 Rb5 18. Nb3 Qb6 19. d5 exd5 20. Rxd5 Na5 21. Qe2
c5 22. Ka2 Nxb3 23. cxb3 Rxb3 24. Bxc5 Bxc5 25. Rc1 Rb5 26. Qe5 Qe6 { Kojima,S 
( 2076 ) -Saud,M  ( 2154 ) /Turin 2006/CBM 113/1/2-1/2  ( 34 )}  )( 12. g4 Bg6
13. Nh4 Nb4 14. Nxg6 hxg6 $14 )12... Nd5 13. Ne4 ( 13. Nxd5 $5 { should be
considered}  13... exd5 14. Qc3 $14 )13... Qb4 $15 14. Qxb4 Ncxb4 15. a3 Nxe3
16. fxe3 { Black has the pair of bishops}  16... Nd5 { Black threatens to win
material: Nd5xe3}  17. Rde1 f5 18. Nc5 Bxc5 19. dxc5 Nf6 20. Ne5 { The knight
feels good on e5}  20... Rhf8 21. Rhf1 g5 22. b4 Be8 23. e4 { White threatens
to win material: e4xf5}  ( 23. g4 $142 Nd5 24. h4 $14 )23... Nd7 $4 { weakening
the position}  ( 23... Nh5 $142 { is a viable option}  24. Rf3 f4 $15 )24. exf5
exf5 ( 24... Nxe5 25. Rxe5 Bb5 $18 )25. c6 Nxe5 26. cxb7+ ( 26. Rxe5 $6 Bxc6
27. Bxc6 bxc6 28. Rexf5 Rxf5 29. Rxf5 h6 $14 )26... Kb8 27. Rxe5 Bg6 $2 ( 27...
Bd7 28. Rd1 f4 29. Rd3 $18 )28. Re6 ( 28. Ra5 $5 $142 { makes it even easier
for White}  28... Rf6 29. b5 Rb6 30. bxa6 Ka7 $18 )28... Rd6 29. Rxd6 cxd6 30.
Kd2 f4 31. gxf4 gxf4 32. Bf3 ( 32. c4 Rf6 $18 )32... Rf7 33. c4 Rc7 34. Rc1 Bf5
( 34... d5 35. Bxd5 Bf7 36. Bf3 Bxc4 37. Ke1 $18 )35. Re1 ( 35. c5 dxc5 36.
bxc5 Rd7+ 37. Ke2 Rxb7 38. Bxb7 Kxb7 $18 )35... Bg6 36. Re6 ( 36. Kc3 $5 $18
$142)36... Rxc4 $16 37. Rxd6 Be4 38. Bxe4 Rxe4 39. Rxa6 Re3 ( 39... f3 $5
$16)40. a4 $18 Rxh3 $2 ( 40... Ra3 $142 41. Rh6 Rxa4 42. Rxh7 Rxb4 $16 )41. Rb6
Rg3 ( 41... Re3 $18)42. a5 Rg6 ( 42... Rg8 { hoping against hope}  43. Ke2 h5
$18 )43. Rxg6 hxg6 44. a6 g5 45. Ke2 g4 46. Kf2 Ka7 47. b5 Kb8 48. b6 g3+ 49.
Kg2 f3+ 50. Kxf3 g2 51. a7+ ( 51. a7+ Kxb7 52. Kxg2 $18 )( 51. Kxg2 $6 { is a
bad alternative}  51... -- $11 ) 1-0

[Event "Lidums Checkmate Op"]
[Site "Adelaide"]
[Date "2007.07.07"]
[Round "2.6"]
[White "Ayris, Tony"]
[Black "Sandler, Leonid"]
[Result "0-1"]
[Annotator "Anderson-Smith,William"]
[BlackElo "2345"]
[EventCountry "AUS"]
[EventDate "2007.07.07"]
[EventRounds "7"]
[EventType "swiss"]
[PlyCount "72"]
[WhiteElo "2094"]

{ B84: Sicilian Scheveningen: 6 Be2 a6, lines without early Be3 } 1. e4 c5 2.
Nf3 e6 3. d4 cxd4 4. Nxd4 Nf6 5. Nc3 d6 6. Be2 Be7 7. Be3 O-O 8. Qd2 a6 9. f4 (
9. g4 d5 10. exd5 Nxd5 11. Nxd5 Qxd5 12. Nf3 Nc6 13. Qxd5 exd5 14. h3 f5 15.
Rg1 fxg4 16. hxg4 Be6 17. c3 Bf6 18. g5 Be7 19. O-O-O Rac8 20. Rg2 d4 21. Nxd4
Nxd4 22. Rxd4 Bxa2 23. Rh2 Rcd8 { Efimenko,Z  ( 2599 ) -Kurnosov,I  ( 2500 )
/Istanbul 2003/CBM 096/0-1}  )9... Qc7 10. Bf3 $146 ( 10. g4 b5 11. a3 ( 11. g5
b4 12. Ncb5 axb5 13. Nxb5 Qa5 14. gxf6 Bxf6 15. Nd4 Bb7 16. Bf3 Nd7 17. O-O e5
18. Nb3 Qc7 19. Qxb4 exf4 20. Bxf4 Ne5 21. Nd4 Ba6 22. Rf2 Rfb8 23. Qc3 Qb6 24.
Bxe5 Bxe5 25. Rd1 Rc8 { Putzbach,G  ( 2257 ) -Weiss,S  ( 2126 ) /Hamburg
2006/CBM 112 ext/1-0  ( 52 )}  )11... Bb7 12. Bf3 Nc6 13. g5 Nd7 14. Nxc6 Bxc6
15. h4 a5 16. h5 Rfe8 17. O-O Bf8 18. Ne2 Qb7 19. Ng3 Nb6 20. b3 a4 21. Qf2 Ra6
22. Bg2 axb3 23. cxb3 Nd7 24. Rfc1 d5 { Kristjansson,S  ( 2371 ) -Agdestein,S 
( 2591 ) /Cappelle la Grande 2001/CBM 080 ext/ 0-1  ( 52 )}  )10... Nc6 11. Nb3
{ Black has a cramped position}  11... b5 { White has an active position}  12.
a3 { Black has a cramped position}  ( 12. O-O Nd7 $14 )12... Bb7 { White has an
active position}  13. O-O { White has a very active position}  13... Rfd8 (
13... Nd7 14. Rad1 $11 )14. Qf2 $14 { Black has a cramped position}  14... Nd7
{ White has a very active position}  15. Rad1 Rac8 ( 15... Bf6 16. Rd3 $14 )16.
Rd2 $14 Na5 17. Nxa5 Qxa5 18. Na2 { White has an active position}  ( 18. f5
exf5 19. Bg4 Rxc3 20. bxc3 Bxe4 21. Bxf5 Bxf5 22. Qxf5 Ne5 $14 )18... Rc4 19.
Nb4 Rdc8 20. e5 ( 20. f5 e5 $11 )20... d5 ( 20... Bxf3 $142 21. Qxf3 d5 $11
)21. f5 $4 { gives the opponent new chances}  ( 21. Be2 $142 { and White has
air to breath}  21... R4c7 22. c3 $16 )21... Nxe5 $17 22. fxe6 fxe6 23. Bd4
Rxd4 $1 { Decoy: d4}  24. Rxd4 ( 24. Rxd4 Nxf3+ { Double attack}  ( 24... Nxf3+
{ Decoy} ))( 24. Qxd4 Nxf3+ { Double attack}  ( 24... Nxf3+ { Decoy} ))24...
Bc5 25. Kh1 ( 25. c3 Qb6 26. Be2 Rf8 $17 )25... Qb6 ( 25... Rf8 26. c3 Nxf3 27.
gxf3 $19 )26. c3 $17 Rf8 ( 26... Nxf3 { is much weaker}  27. Qxf3 Rf8 28. Rf4
$16 )27. Qd2 Nxf3 ( 27... a5 28. Nc2 Nc4 29. Qg5 $17 )28. Rxf3 Rxf3 29. gxf3
Bxd4 30. cxd4 a5 { Black threatens to win material: a5xb4}  31. Nc2 h6 32. Ne3
( 32. b4 $5 axb4 33. Nxb4 $15 )32... e5 $1 $19 { and the rest is history}  33.
dxe5 $2 ( 33. Nc2 $142 Qf6 34. Kg2 Qg6+ 35. Kf1 $19 )33... d4 34. Ng2 ( 34. Nf1
{ does not solve anything}  34... Qc6 35. Kg1 Qxf3 $19 )34... Bxf3 35. Qf4 (
35. Kg1 { there is nothing else anyway}  35... Qg6 36. e6 $19 )35... Qc6 36.
Qg3 ( 36. Kg1 { is the last straw}  36... Bxg2 37. Qxd4 $19 )36... Qc1+ ( 36...
Qc1+ 37. Qe1 Qxe1# ) 0-1

[Event "Lidums Checkmate Op"]
[Site "Adelaide"]
[Date "2007.07.07"]
[Round "2.7"]
[White "Chow, Samuel"]
[Black "Hacche, David J"]
[Result "1-0"]
[Annotator "Anderson-Smith,William"]
[BlackElo "2036"]
[EventCountry "AUS"]
[EventDate "2007.07.07"]
[EventRounds "7"]
[EventType "swiss"]
[PlyCount "61"]
[WhiteElo "2297"]

{ A41: 1 d4 d6: Tartakower System and Modern Defence } 1. d4 d6 2. c4 g6 3. Nc3
Bg7 4. g3 Nd7 ( 4... c5 5. Be3 cxd4 6. Bxd4 Nf6 7. Nd5 Nbd7 8. Nf3 O-O 9. Bg2
e5 10. Bc3 Nxd5 11. cxd5 Nc5 12. O-O Bd7 13. Nd2 Rc8 14. Rc1 f5 15. Nc4 Bb5 16.
Na3 Be8 17. Qd2 Rf7 18. Bb4 Rfc7 19. Rc2 { Ljubojevic,L  ( 2605 ) -Kasparov,G 
( 2595 ) /Thessaloniki 1988/TD/0-1  ( 51 )}  )5. e3 $146 ( 5. e4 e5 6. d5 Ne7
7. h4 Nf6 8. Be2 h5 9. Bg5 Nh7 10. Be3 c5 11. Qd2 a6 12. Nh3 Ng8 13. Ng5 Ngf6
14. f3 Bd7 15. a3 b6 16. b4 Nxg5 17. Bxg5 Qc7 18. Be3 Ng8 19. Qb2 f5 {
Furman,S-Bilek,I/Harrachov 1966/MCD/1/2-1/2}  )( 5. Bg2 e6 ( 5... c6 6. Nf3 Rb8
7. a4 Qa5 8. Bd2 Qb6 9. O-O a5 10. Qc2 Nh6 11. e4 O-O 12. h3 f6 13. Be3 Qa6 14.
b3 e5 15. Rad1 f5 16. dxe5 fxe4 17. Nxe4 Nxe5 18. Nh4 d5 19. Nc5 Qa8 20. cxd5 {
Metz,H  ( 2255 ) -Walter,K/Baden-Baden 1990/GER/1-0}  )6. e4 ( 6. Nf3 Ne7 7. e4
O-O 8. O-O a6 9. Qe2 h6 10. Rd1 Qe8 11. e5 dxe5 12. Nxe5 Nf6 13. g4 Nh7 14. h4
f6 15. Nd3 g5 16. Nc5 Ng6 17. h5 Nh4 18. Bxb7 Bxb7 19. Nxb7 f5 20. Nc5 fxg4 {
Schneider,H-Hoehn,M/Germany 1988/GER/0-1  ( 33 )}  )6... Ne7 7. h4 h5 8. Bg5
Nb6 9. Qd3 a6 10. O-O-O Qd7 11. Nge2 Nc6 12. a3 Na5 13. c5 dxc5 14. d5 e5 15.
g4 hxg4 16. h5 Rxh5 17. Rxh5 gxh5 18. Ng3 Qd6 19. Nxh5 Bh6 { Kosikov,A  ( 2152
) -Salimsky,A/Kiev 2006/CBM 113 ext/0-1  ( 39 )}  )5... e5 6. Nge2 Ne7 7. Bg2
O-O 8. O-O f5 9. dxe5 Nxe5 ( 9... dxe5 10. e4 $11 )10. b3 $14 { Covers c4} 
10... Rb8 11. Qc2 Be6 12. Rd1 Qc8 13. Bb2 g5 ( 13... Qd7 $5 $14)14. Nd5 $16
Bxd5 15. cxd5 ( 15. Bxd5+ Nxd5 16. cxd5 f4 17. exf4 gxf4 18. Nxf4 Nf3+ 19. Kg2
Rxf4 $19 )15... N7g6 ( 15... g4 16. Rac1 Nf3+ 17. Bxf3 gxf3 18. Nf4 Bxb2 19.
Qxb2 $18 )16. Nd4 ( 16. f4 gxf4 17. exf4 Ng4 18. Bxg7 Kxg7 $18 )16... f4 (
16... g4 17. Rac1 Rf7 18. Ne6 Nf3+ 19. Bxf3 Bxb2 20. Qxb2 gxf3 21. Qc3 $18 )17.
Ne6 fxe3 18. Nxf8 ( 18. fxe3 $5 Rf7 $18 )18... exf2+ 19. Qxf2 Nxf8 $2 ( 19...
Qxf8 $142 20. Qxa7 Nf3+ 21. Bxf3 Bxb2 $18 )20. Rf1 Nfd7 21. Qf5 ( 21. Qxa7 $6
Nc5 22. Qa5 Ncd3 $16 )21... Qd8 22. Rac1 Rc8 ( 22... Kh8 23. Kh1 $18 )23. Bh3 (
23. Bxe5 $142 { finishes off the opponent}  23... Nxe5 24. Be4 Ng6 25. Qe6+ Kh8
$18 )23... Rb8 24. Kh1 h5 ( 24... Kh8 $18)25. Bg2 Rc8 ( 25... Nf6 $18 { is one
last hope} )26. Be4 ( 26. Bxe5 $142 { and White can already relax}  26... dxe5
27. Qf7+ Kh8 28. Qxh5+ Kg8 $18 )26... Nf8 ( 26... Nf6 { is still a small
chance}  27. Bxe5 dxe5 28. Qe6+ Kh8 29. Rxf6 Bxf6 $18 )27. Bxe5 dxe5 28. Qf7+
Kh8 29. Qxh5+ Kg8 30. Qf7+ ( 30. Rxf8+ Qxf8 31. Qh7+ Kf7 32. Rf1+ Ke7 33. Rxf8
Rxf8 34. Qxg7+ Rf7 35. Qxe5+ Kf8 36. Bg6 g4 37. Bxf7 Kxf7 38. Qxc7+ Kg6 39. d6
Kf5 40. d7 b5 41. Qc6 b4 42. d8=Q a6 43. Qdf6# )30... Kh8 31. Bf5 ( 31. Bf5 Rb8
32. Rxc7 $18 ) 1-0